000 00228nam a22000857a 4500
008 170616b xxu||||| |||| 00| 0 eng d
100 _93469
_aBhalla. G. S
245 _aCondition of Indian peasantsy
260 _aNew Delhi
_bN. B. T
_c2008
999 _c6843
_d6843